000 00464nam a2200169Ia 4500
999 _c28838
_d28838
003 OSt
005 20201222125325.0
008 190216s9999||||xx |||||||||||||| ||und||
040 _coclc
082 _a894.8128
_bDAS/T
100 _aDas, I V
_97202
245 0 _aThayat Sankaran /
_cI V Das
260 _bLipi Publication,
_aKozhikode:
_c2003.
300 _a120p
650 _aPadanam
942 _cBK
_2ddc
_h894.8128
_iDAS/T
_k894.8128
_mDAS/T